Espigas. (Record n. 35643)

Dettagli MARC
000 -LEADER
fixed length control field 00473nam a2200181 i 4500
003 - CONTROL NUMBER IDENTIFIER
control field IT-RoINE
005 - DATE AND TIME OF LATEST TRANSACTION
control field 20201215053436.0
008 - FIXED-LENGTH DATA ELEMENTS--GENERAL INFORMATION
fixed length control field 201215s1931 sp |||||r|||| 00| | spa d
040 ## - CATALOGING SOURCE
Original cataloging agency IT-RoINE
245 00 - TITLE STATEMENT
Title Espigas.
260 ## - PUBLICATION, DISTRIBUTION, ETC. (IMPRINT)
Place of publication, distribution, etc Barcelona :
Name of publisher, distributor, etc Tip. cat. Casals,
Date of publication, distribution, etc 1931.
300 ## - PHYSICAL DESCRIPTION
Extent 230 p. :
Other physical details il. ;
Dimensions 13 cm.
336 ## - CONTENT TYPE
Source rdacontent
Content type term text
337 ## - MEDIA TYPE
Source rdamedia
Media type term unmediated
338 ## - CARRIER TYPE
Source rdacarrier
Carrier type term volume
650 #4 - SUBJECT ADDED ENTRY--TOPICAL TERM
9 (RLIN) 4218
Topical term or geographic name as entry element Literatura de devoción
942 ## - ADDED ENTRY ELEMENTS (KOHA)
Item type Monografías
Dati di copia
Withdrawn status Lost status Damaged status Not for loan Home library Current library Date acquired Total Checkouts Full call number Barcode Date last seen Price effective from Koha item type
        Iglesia Nacional Española en Roma Iglesia Nacional Española en Roma 15/12/2020   DEV.NOV 276 NOV-2453 15/12/2020 15/12/2020 Monografías